00858nam a22002177a 450000500170000001000150001702000260003203500140005803700090007208200130008110000330009424501030012725000060023026000630023627000800029930000290037970000350040894200240044399900190046795201540048620241202121118.0 aENG-142746 a9788193339596c200.00 aEN-126278 bDBAD a614.121 aChakraborty, Abhishek974460 aQuest:bA Key to UG Forensic Medicine & Toxiocology/cby Abhishek Chakraborty [and] Swarup Mondal  a1 aNew DelhibGlobal Academic Publishers & Distributorsc2017 aF-8, 1st Floor, 'Hari Sadan' 20, Ansari Road, Daryaganj,bNew Delhie110002 a135p. bIndexc24cm(pb)  aMondal, Swarup eAuthor974461 2ddccENmCHAh614.1 c207279d207279 001040708NFICaAVbAVd2024-12-02eDelivery of Books Act Divisiong200.00l0oCHA 614.1pEN-126278r2024-12-02 00:00:00t1v200.00w2024-12-02yEN